000 00367nam a2200145Ia 4500
008 230917s9999||||xx |||||||||||||| ||und||
040 _e35700
_aMAIN
041 _aEnglish
082 _a417.0954 O2B
100 _aOjha, Gaurishankar Hirachand
245 0 _aPalaeography of India
260 _aNew Delhi
_bMunshiram Manoharlal
_c1971
300 _a84 p.
942 _cBK
999 _c43687
_d43687